Natación terapéutica
Salvato in:
| Autori principali: | , , , , |
|---|---|
| Natura: | Libro |
| Lingua: | spagnolo |
| Pubblicazione: |
Barcelona
Paidotribo
1997
|
| Edizione: | 2a. ed |
| Serie: | Colección Medicina Deportiva
|
| Soggetti: | |
| Tags: |
Aggiungi Tag
Nessun Tag, puoi essere il primo ad aggiungerne!!
|
MARC
| LEADER | 00000nam a2200000 a 4500 | ||
|---|---|---|---|
| 001 | UCO0449 | ||
| 003 | CL-VaPUC | ||
| 008 | 000420e19970000SP |||||||||||||||||spa|d | ||
| 020 | |a 8480191953 | ||
| 082 | 0 | 4 | |a 615.853 |b LLO |2 21 |
| 100 | |a Lloret Riera, Mario |e autor |9 447925 | ||
| 700 | 0 | |a Conde Bonachera, Carlos |e author |9 441729 | |
| 700 | 0 | |a Fagoaga Mata, Joaquín |e author |9 441730 | |
| 700 | 0 | |a León León, Carmen |e author |9 441731 | |
| 700 | 0 | |a Tricas Moro, Cristina |e author |9 441732 | |
| 245 | 1 | 0 | |a Natación terapéutica |
| 250 | |a 2a. ed | ||
| 300 | |a 288 p | ||
| 942 | |c BK | ||
| 945 | |d 20000420 00:00:00 |a rbrito | ||
| 260 | |a Barcelona |b Paidotribo |c 1997 | ||
| 650 | 0 | |a Natación |9 307454 | |
| 650 | 0 | |a Medicina deportiva |9 307562 | |
| 650 | 0 | |a Deportes |9 224367 | |
| 650 | 0 | |a Ejercicios físicos |9 307296 | |
| 583 | |a last modification |c 20130306 01:30:47 |k Rodrigo Vera | ||
| 490 | 0 | |a Colección Medicina Deportiva | |
| 999 | |c 287150 |d 287148 | ||
| 952 | |0 0 |1 0 |4 0 |6 615_853000000000000_LLO_1997 |7 0 |8 A |9 333601 |a BIBEDU |b BIBEDU |d 2019-11-20 |i 3608212 |o 615.853 LLO 1997 |p 3608212 |r 2019-11-20 |w 2019-11-20 |y BK |k EFI | ||
| 952 | |0 0 |1 0 |4 0 |6 615_853000000000000_LLO_1997 |7 0 |8 A |9 333602 |a BIBCUR |b BIBCUR |d 2019-11-20 |i 1087150 |o 615.853 LLO 1997 |p 1087150 |r 2025-04-22 |w 2019-11-20 |y BK |k KIN | ||